书目信息 |
| 书名: | CRISIS | |
| 作者: | ROBIN COOK | |
| 分册号: | ||
| 分册名: | 出版地: | Great Britain |
|
| 出版社: | PAN BOOKS | |
| 出版时间: | 2006 | |
| 页数: | 532p | |
| 开本: | 18cm | |
| 丛书名: | ||
| 中图分类号: | ||
| 科图分类号: | ||
| 其他分类号: | I712.45 | |
| 主题词: | ||
| 电子资源: | ||
| 000 | 00438nam0 2200181 450 | |
| 001 | 052012180714 | |
| 005 | 20121115094412.0 | |
| 008 | 20021229d1997 em y0chiy0121 ea | |
| 020 | @a978-0-330-44552-8@c£6.99 | |
| 041 | @aeng | |
| 091 | @aI712.45 | |
| 099 | @dI712.45@eR655 | |
| 245 | 10 | @aCRISIS @cROBIN COOK |
| 260 | @aGreat Britain@bPAN BOOKS@c2006 | |
| 300 | @a532p@c18cm | |
| 521 | @aCRISIS | |
| 905 | @b11552 | |
| 905 | @aTSG@dI712.45@eR655 | |
| CRISIS / ROBIN COOK.-Great Britain : PAN BOOKS , 2006 |
| 532p ; 18cm |
| CRISIS |
| ISBN 978-0-330-44552-8£6.99 |
| ● |
| 相关链接 |
|
|
|
正题名:CRISIS
索取号:I712.45/R655
 
预约/预借
| 序号 | 登录号 | 条形码 | 馆藏地/架位号 | 状态 | 备注 |